TV Shows By Characters First Names - Statistics

General Stats
  • This quiz has been taken 107 times
  • The average score is 9 of 20
Answer Stats
Hint Answer % Correct
SpongeBob, Patrick, and Sandy. SpongeBob SquarePants
92%
Walter, Saul, and Gus. Breaking Bad
83%
Homer, Bart, and Lisa. The Simpsons
77%
Rachel, Chandler, and Joey. Friends
70%
Dwight, Michael, and Kevin. The Office
60%
Eric, Kyle, and Kenny. South Park
52%
Veronica, Archie, and Jughead. Riverdale
51%
Mike, Dustin, and Will. Stranger Things
50%
Rick, Jerry, and Summer. Rick and Morty
49%
Finn, Jake, and Marceline. Adventure Time
47%
Leela, Philip, and Bender. Futurama
42%
Frank, Carl, and Ian. Shameless
38%
Kramer, George, and Jerry. Seinfeld
37%
Dean, Sam, and Ruby. Supernatural
37%
Jake, Amy, and Charles. Brooklyn Nine-Nine
34%
Mordecai, Benson, and Skips Regular Show
34%
Rick, Carol, and Maggie. The Walking Dead
33%
Clarke, Raven, and John. The 100
20%
Billy, Hughie, and Annie. The Boys
16%
Johnny, Tory, and Miguel. Cobra Kai
13%
No matching quizzes found
Score Distribution
Percent of People with Each Score
Percentile by Number Answered
Your Score History
You have not taken this quiz